000 00329nam a2200145 i 4500
001 bg
100 1 _aWOJNAR, Andrzej
245 0 _aTeoria sygnałów /
_cA. Wojnar.
250 _aWyd.2 popr.i rozsz.
260 _aWarszawa,
_c1988.
040 _cBPK
041 _apol
942 _cKS
008 s pl f |000 0 pol
999 _c3791
_d3791
856 _uhttp://koha.tu.koszalin.pl/cgi-bin/koha/opac-detail.pl?biblionumber=3791
_yKatalog online BPK